000 00666nam a2200241 a 4500
008
020 _a0070203776 (hbk. )
049 _aMAIN
090 _aTS205
_bFEI
100 1 _aFeirer, John Louis.
245 1 0 _aGeneral metals /
_cJohn L. Feirer.
250 _a4th ed.
260 _aNew York :
_bMcGraw-Hill,
_c1974
300 _axi, 628 p. :
_bill.
_c25 cm.
440 0 _aMcGraw-Hill publications in industrial education.
500 _aIncludes index.
650 0 _aMetal-work.
907 _a.b1000810x
_b18-08-10
_c17-04-03
003
005 20230123134000.0
040 _cNUST
942 _cBOOKS
_kTS205
_mFEI
999 _c157978
_d157978